| 000 | 00629nam a22002297a 4500 | ||
|---|---|---|---|
| 003 | BCEG | ||
| 005 | 20260122132749.0 | ||
| 008 | 260122s1984 mx |||||||||||||||| spa d | ||
| 020 | _a9684343507 | ||
| 040 |
_aBCEG _bspa _cBCEG |
||
| 082 |
_a841.81 _bB218l |
||
| 100 | 1 |
_aBalzac, Honoré de, _d1799-1850. |
|
| 245 | 1 | 0 | _aLouis Lambert. |
| 260 |
_aMéxico : _bPremia, _c1984. |
||
| 300 | _a106 p. | ||
| 490 |
_aLa Nave de los Locos ; _v76. |
||
| 541 | _aDonación. | ||
| 600 |
_aLambert, Louis, _d1797-1824, _vBiografía |
||
| 650 | 1 | 4 |
_aPoetas franceses _vBiografía. |
| 700 | 1 |
_aLeal, Aníbal, _d1921-1997, _etr. |
|
| 942 | _cBK | ||
| 999 |
_c437049 _d437049 |
||